000 002920000a22000970004500
100 1 _aBarrick, W. Boyd (1946-)
245 1 0 _aSaul's demise, Dabvid's Lament, and custer last stand
300 _aNúm 73 (1997), Páginas 25-41
773 0 _tJournal for the Study of the Old Testament
942 _cANA
999 _c54860
_d54860